Zmeny v štatistike INTRASTAT a ich uvedenie do praxe

Štatistické zisťovanie obchodu s tovarom v rámci Únie - INTRASTAT je povinné pre všetky členské štáty EÚ a územie Severného Írska. Zmeny v štatistických zisťovaniach INTRASTAT-SK vyplývajúce z platnej legislatívy účinnej od 1. 1. 2022. Článok je určený osobám, registrovaným pre DPH v SR, ktoré obcho...

Ausführliche Beschreibung

Gespeichert in:
Bibliographische Detailangaben
1. Verfasser: Šašalová, Monika
Format: Buchkapitel
Sprache:Slowakisch
Schlagworte:
Tags: Tag hinzufügen
Keine Tags, Fügen Sie das erste Tag hinzu!

MARC

LEADER 00000naa a2200000 4500
001 0284516
005 20240417075206.8
041 0 |a slo 
044 |a SK 
245 1 0 |a Zmeny v štatistike INTRASTAT a ich uvedenie do praxe  |c Monika Šašalová 
520 |a Štatistické zisťovanie obchodu s tovarom v rámci Únie - INTRASTAT je povinné pre všetky členské štáty EÚ a územie Severného Írska. Zmeny v štatistických zisťovaniach INTRASTAT-SK vyplývajúce z platnej legislatívy účinnej od 1. 1. 2022. Článok je určený osobám, registrovaným pre DPH v SR, ktoré obchodujú s tovarom, ako aj s tovarom dodávaným v rámci služieb, s členskými štátmi Európskej únie alebo územím Severného Írska, daňovým zástupcom zahraničných osôb a osobám, ktoré colné konanie v rámci obchodu s tretími krajinami realizujú mimo územia Slovenskej Republiky. Štatistické zisťovanie INTRASTAT zaznamenáva pohyb tovaru, nie pohyb faktúry. 
610 2 0 |a štatistika 
610 2 0 |a zmennosť 
610 2 0 |a obchod 
610 2 0 |a tovar 
610 2 0 |a zisťovanie štatistické 
610 2 0 |a Európska únia 
610 2 0 |a zákony 
610 2 0 |a dane z hodnoty pridanej 
100 1 |a Šašalová, Monika